| 000 | 00782cam a2200205 a 4500 | ||
|---|---|---|---|
| 001 | 000002757 | ||
| 005 | 20200929150242.0 | ||
| 008 | 840222s1970 sp 001 pbspa | ||
| 040 |
_aDO-SdBNP _cCarP _dDLC |
||
| 082 |
_a861.3 _bL579p |
||
| 100 | 1 |
_aLeon, Luis de, Fray _d1527-1591 _98685 |
|
| 245 | 1 | 3 |
_aLa poesía de Fray Luis de León. / _cFray Luis de León ; Introducción, edición crítica y comentario de, Oreste Macrí. |
| 260 |
_aSalamanca : _bAnaya, _c1970. |
||
| 300 |
_a413 p. ; _c19 cm. |
||
| 600 | 1 | 0 |
_aLEÓN, LUIS DE,, _d1527-1591 _xCRÍTICA E INTERPRETACIÓN _98686 |
| 650 | 4 |
_aPoesía española _xHistoria y crítica _98687 |
|
| 650 | 4 |
_aLiteratura española _ySIGLO XVI _98688 |
|
| 700 | 1 |
_aMacrí, Oreste. _d1913-1998 _eed. _98689 |
|
| 910 | _aCatalogación por copia / LC | ||
| 999 |
_c2591 _d2591 |
||